| 000 | 00462nam a2200193Ia 4500 | ||
|---|---|---|---|
| 003 | 0100 | ||
| 008 | 130303s9999 xx 000 0 und d | ||
| 040 | _cARRUPELIB | ||
| 050 | _aHF5387.W58 1993 | ||
| 100 | _aWhite, Thomas I | ||
| 245 | _aBusiness Ethics | ||
| 245 | _bA Philosophical Reader | ||
| 260 | _aNY | ||
| 260 | _bMacmillan Publishing Company Inc | ||
| 260 | _C1993 | ||
| 300 | _a867p | ||
| 650 | _bSpiritual exercises-- Criticism | ||
| 942 | 0 | 0 | _04 |
| 999 |
_c18915 _d18915 |
||